| 000 | 00694cam a22002292 4500 | ||
|---|---|---|---|
| 001 | 0000018854 | ||
| 005 | 20151217161147.0 | ||
| 008 | 100809s xx 000 0 eng d | ||
| 020 | _a0199211777 | ||
| 040 |
_aKABU _cKABU |
||
| 245 | 1 | 0 | _aDictionary of nursing. |
| 250 | _a5th ed. | ||
| 260 |
_aOxford : _bO. U. P., _c2008. |
||
| 300 | _aix, 589 p. | ||
| 500 | _aWith supplement. | ||
| 650 | 0 |
_aNursing _vDictionaries. _@0000177734 |
|
| 852 | 1 | _9p990 KES | |
| 852 | 1 | _9p800 KES | |
| 852 | 1 | _9p920 KES | |
| 908 | _a100809 | ||
| 950 | _@1 | ||
| 999 |
_c15171 _d15171 |
||